| 000 | 01012nam a22002297a 4500 | ||
|---|---|---|---|
| 003 | OSt | ||
| 005 | 20250911175839.0 | ||
| 008 | 240208b ||||| |||| 00| 0 eng d | ||
| 040 | _c0 | ||
| 082 | _aDPer 621.381 In821 April 2022 v. 37 n. 4 | ||
| 100 |
_aWang, Zhiwei. _eauthor. _951993 |
||
| 245 |
_aA high efficiency and high power density integrated two-stage DC-DC converter based on bipolar symmetric phase shift modulation strategy / _cZhiwei Wang, Zongheng Wu, Teng Liu, Cai Chen, and Yong Kang. |
||
| 260 |
_aNew York ; _bThe Institute of Electrical and Electronics Engineers, Inc. , _cApril 2022. |
||
| 300 |
_aVolume 37, pages 4358-4373 : _billustration ; _c28 cm. |
||
| 500 | _aIEEE Transaction on Power Electronics, vol. 37, no. 4, pages 4358-4373, April 2022. | ||
| 700 |
_aWang, Zhiwei. _eauthor. _951993 |
||
| 700 |
_aWu, Zongheng. _eauthor. _951994 |
||
| 700 |
_aLiu, Teng. _eauthor. _951995 |
||
| 700 |
_aChen, Cai. _eauthor. _951996 |
||
| 700 |
_aKang, Yong. _eauthor. _951997 |
||
| 942 |
_2ddc _cPER |
||
| 999 |
_c19030 _d19030 |
||